| 000 | 01599cam a2200361 i 4500 | ||
|---|---|---|---|
| 999 |
_c1760 _d1760 |
||
| 001 | (Sirsi) a977303 | ||
| 003 | OSt | ||
| 005 | 20230126151313.0 | ||
| 008 | 170325t20162016enka c 000 f eng d | ||
| 020 |
_a9781783443802 _q(paperback) : |
||
| 040 |
_aAU@ _beng _cAU@ _dOCLCO _dOCLCF _dNZCAP _dTAE _dKH8 _erda |
||
| 042 | _anbic | ||
| 082 | 0 | _a823.92 CLA | |
| 100 | 1 |
_aClary, Julian, _eauthor. |
|
| 245 | 1 | 4 |
_aThe Bolds to the rescue / _cby Julian Clary ; illustrated by David Roberts. |
| 260 | _c2016. | ||
| 264 | 1 |
_aLondon : _bAndersen Press, _c2016. |
|
| 264 | 4 | _c©2016. | |
| 300 |
_a270 pages : _billustrations ; _c20 cm. |
||
| 336 |
_atext _btxt _2rdacontent. |
||
| 336 |
_astill image _bsti _2rdacontent. |
||
| 337 |
_aunmediated _bn _2rdamedia. |
||
| 338 |
_avolume _bnc _2rdacarrier. |
||
| 490 | 1 |
_aThe Bolds ; _v[2] |
|
| 520 | _aThe Bolds are a family of hyenas living as humans in a suburban house. But now their kindness to animal waifs and strays has become legendary, and more and more animals keep turning up to stay. Roger the sheep flocks to their house, and Fifi the poodle turns up to learn some new tricks, whilst Sheila the crocodile decides to stay for a while. But when The Bolds take in a couple of race horses who are on the run, they worry their animal magnetism is getting to be too much. | ||
| 521 | 1 | _aAges 8-12. | |
| 650 | 0 |
_aHyenas _vJuvenile fiction. |
|
| 650 | 0 |
_aImpersonation _vJuvenile fiction. |
|
| 650 | 0 |
_aAnimal rescue _vJuvenile fiction. |
|
| 700 | 1 |
_aRoberts, David, _d1970- _eillustrator. |
|
| 800 | 1 |
_aClary, Julian. _tBolds ; _v2. |
|
| 942 |
_2ddc _cNFIC |
||